000 00629nam a22002057a 4500
005 20251108172521.0
008 250721s9999 xx 000 0 ara d
082 1 4 _a331.137شخا
100 1 _aشخاترة، حسين
245 1 0 _aبطالة و الفقر : واقع و تحديات /
264 1 _aعمان :
_bمؤسسة عبدالحميد شومان،
300 _a200ص
650 1 7 _aالإقتصاد
650 1 7 _aالبطالة
650 1 7 _aسوق العمل
650 1 7 _aالعاطلون عن العمل
700 1 _aأبو سعدة، محمد
_eمؤلف مشارك
942 _2ddc
_cBK
999 _c81380
_d81380